000 00691cam a22002411 4500
001 27123
003 BD-RjUL
005 20211209051121.0
008 860212s1960 pk a 000 0beng
035 _a(BD-RjUL)
035 _a(OCoLC)13141707
040 _aDLC
_cKyU
_dDLC
_beng
041 _aeng
082 _a954.7
_bSAP 1960
100 1 _aSaeed, S. A.,
_d1920-
_983282
245 1 0 _aPresident without precedent :
_ba brilliant account of Ayub and his regime /
260 _aLahore :
_bLahore Book Depot ,
_c1960.
300 _a129 p. :
_billus. ;
_c22 cm.
600 2 0 _aAyub Khan, Mohammad,
_d1907-1974.
_981779
942 _2ddc
_cBK
999 _c27123
_d27123